Zacatecas International Airport Destinations (Zacatecas, Mexico) - Statistics

General Stats
  • This quiz has been taken 26 times
    11 since last reset
  • The average score is 4 of 7
Answer Stats
Airline Destination % Correct
Aeroméxico Connect Mexico City
100%
American Airlines Dallas/Fort Worth
67%
Volaris Los Angeles
67%
Volaris Tijuana
67%
Volaris San Jose (CA)
44%
Volaris Chicago (Midway)
33%
Volaris Oakland
22%
No matching quizzes found
Score Distribution
Percent of People with Each Score
Percentile by Number Answered
Your Score History
You have not taken this quiz since the last reset